000 00707nam a2200241Ia 4500
003 OSt
005 20220923223923.0
006 a|||||r|||| 00| 0
007 ta
008 Pun
024 _a223,334
037 _cTextual
040 _aARTS
_cARTS
_bPun
041 _2Pun
_aPun
082 _aO153,6:g, N0
100 _aਅਬਨਾF ਕੈਰ
245 0 _aਪੰਜਾਬੀ ਰੇਖਾ ਚਿਤੱਰ
_b ਸਰੂਪ ਤੇਸਾਰ
260 _aਪਟਿਆਲਾ
_b ਪਬਲੀਕੇFਨ ਬਿੳਰੋ
_c1990
300 _a193ਪੰ
_ccm.
650 _aਪੰਜਾਬੀ ਸਾਹਿਤ
942 _hO153,6:g, N0
_cTEXL
_2CC
999 _c368240
_d368240